| 000 | 00739nam0a22002531 4500 | ||
|---|---|---|---|
| 001 | rc\4626648 | ||
| 005 | 20250612133953.0 | ||
| 021 |
_aRU _b[62-58362] |
||
| 035 | _a(NLR Aleph) 008677125 | ||
| 090 |
_a9155678 _c9155678 |
||
| 100 | _a20130416d1962 |||y0rusy50 ca | ||
| 101 | 0 | _arus | |
| 102 | _aRU | ||
| 105 | _ay z ||||| | ||
| 200 | 1 | _aСоветы свиноводам | |
| 210 |
_aВоронеж _cКн. изд-во _d1962 |
||
| 215 |
_a85 с. _d14 |
||
| 606 |
_aСвиноводство _yВоронежская область _2psbo |
||
| 700 | 1 |
_aСеземов _bМ.К. _gМихаил Ксенофонтович |
|
| 801 | 0 |
_aRU _bNLR _gpsbo |
|
| 801 | 1 |
_aRU _bELAR _2rusmarc |
|
| 852 |
_aNLR _j62-1/1050 |
||
| 942 | _cBOOK | ||
| 980 | _aNB | ||